Entry Nombre personal
001 - NÚMERO DE CONTROL
- campo de control: 87695
003 - IDENTIFICADOR DE NÚMERO DE CONTROL
- campo de control: SpMaBN
005 - FECHA Y HORA DE LA ÚLTIMA TRANSACCIÓN
- campo de control: 20240131182504.0
008 - ELEMENTOS DE DATO DE LONGITUD-FIJA
- campo de control de longitud fija: 900927nn aijnnaabn a aaa
016 ## - NÚMERO DE CONTROL DE UNA AGENCIA BIBLIOGRÁFICA NACIONAL
- Número de control del registro: BNE19911531875
024 7# - IDENTIFICADOR DE OTROS ESTÁNDARES
- Número estándar o código: http://viaf.org/viaf/2720576/
- Fuente: viaf
024 8# - IDENTIFICADOR DE OTROS ESTÁNDARES
- Número estándar o código: http://pares.mcu.es:80/ParesBusquedas20/catalogo/autoridad/158 400
024 7# - IDENTIFICADOR DE OTROS ESTÁNDARES
- Número estándar o código: https://isni.org/isni/0000000073258775
- Fuente: isni
024 7# - IDENTIFICADOR DE OTROS ESTÁNDARES
- Número estándar o código: http://www.wikidata.org/entity/Q929530
- Fuente: wikidata
040 ## - FUENTE DE CATALOGACIÓN
- Centro catalogador/agencia de origen: SpMaBN
- Lengua de catalogación: spa
- Centro/agencia transcriptor: SpMaBN
- Normas de descripción: rdc
- Convención/Normas de encabezamiento de materia/tesauro: embne
046 ## - FECHAS CON CODIFICACIÓN ESPECIAL
- Fecha de nacimiento: 1868
- Fecha de la muerte: 1939
100 1# - ENCABEZAMIENTO-NOMBRE DE PERSONA
- Nombre de persona: Orueta, Ricardo de,
- Fechas asociadas al nombre: 1868-1939
370 ## - LUGAR ASOCIADO
- Lugar de nacimiento: España, Andalucía, Málaga (Provincia), Málaga
370 ## - LUGAR ASOCIADO
- Lugar de fallecimiento: España, Madrid (Comunidad Autónoma), Madrid
373 ## - GRUPO ASOCIADO
- Grupo asociado: Real Academia de Bellas Artes de San Fernando
- Fuente de información: Wikidata
374 ## - OCUPACIÓN
- Ocupación: Historiadores del arte
- Ocupación: Escultores
375 ## - GÉNERO/SEXO
- Género: Masculino
377 ## - IDIOMA ASOCIADO
- Término de lengua/lenguaje: Español
400 1# - TRAZADO DE VÉASE--NOMBRE DE PERSONA
- Nombre de persona: Orueta y Duarte, Ricardo,
- Fechas asociadas al nombre: 1868-1939
670 ## - FUENTE DE DATOS ENCONTRADOS
- Cita de la fuente: Berruguete y su obra, 1917
- Información encontrada: port. (Ricardo de Orueta)
670 ## - FUENTE DE DATOS ENCONTRADOS
- Cita de la fuente: Museo de pintores y escultores andaluces contemporáneos, 1923
- Información encontrada: p. 282 (Orueta y Duarte, Ricardo; Málaga, 1868; escultor y crítico de arte)
670 ## - FUENTE DE DATOS ENCONTRADOS
- Cita de la fuente: Iconografía Hispana
- Información encontrada: n. 6752 (Orueta y Duarte, Ricardo; escultor; 1868-1939)
856 4# - LOCALIZACIÓN Y ACCESO ELECTRÓNICOS
- Identificador Uniforme de Recursos: https://www.bne.es/es/autores/orueta-ricardo
